| 000 | 00000nam##2200000za#4500 |
| 001 | 9.648080 |
| 003 | CaOODSP |
| 005 | 20200401055946 |
| 007 | ta |
| 008 | 150407|2001||||xxc||||| f|0| 0 eng|d |
| 020 | |a0-662-30065-3 |
| 040 | |aCaOODSP|beng |
| 043 | |an-cn--- |
| 086 | 1 |aE2-223/2000E |
| 110 | 1 |aCanada.|bForeign Affairs and International Trade. |bCanadian Centre for Foreign Policy Development. |
| 245 | 10|aReport from the Roundtable on Nigeria |
| 260 | |aOttawa - Ontario : |bForeign Affairs and International Trade. |c2001. |
| 300 | |a13p. ; |c28 cm. |
| 563 | |aSoftcover |
| 590 | |a01-48|b2001-11-30 |
| 690 | 07|aForeign policy|2gcpds |
| 690 | 07|aElectoral system|2gcpds |
| 690 | 07|aConstitution|2gcpds |
| 776 | 0#|tReport from the Roundtable on Nigeria, 20 March 2000 (Ottawa) |w(CaOODSP)9.686022 |
| 986 | |a4005.7E |